Tuyển tập V.IA. Propp T. 1

Nghiên cứu hình thái học truyện cổ tích: Lịch sử, các chức năng của nhân vật hành động, sự phân bố, phương thức đưa nhân vật và quá trình hành động...Đồng thời còn nghiên cứu về gốc rễ lịch sử của truyện cổ tích thần kỳ qua các truyện cổ tích Nga. Đặc biệt tác giả mở đầu cho phương pháp nghiên cứu c...

全面介紹

Đã lưu trong:
書目詳細資料
主要作者: Propp, V. IA.
其他作者: Chu Xuân Diên (dịch), Phạm Lan Hương (dịch), Nguyễn Kim Lan (dịch), Trần Minh Tâm (dịch)
格式: 圖書
語言:Vietnamese
出版: H. Văn hoá Dân tộc ; Tạp chí Văn hoá Nghệ thuật 2003
叢編:Tủ sách Văn hoá học
主題:
Nga
標簽: 添加標簽
沒有標簽, 成為第一個標記此記錄!
Thư viện lưu trữ: Mạng thư viện Đại học Đà Nẵng
LEADER 01891nam a2200409 4500
001 000006990
003 3150
005 20120516070545.0
008 110926s2003 viesd
020 |c 110000 
041 0 |a vie 
082 |a 390.0947  |b PR-V 
100 0 |a Propp, V. IA. 
245 1 0 |a Tuyển tập V.IA. Propp  |c V.IA. Propp ; Ng.dịch: Chu Xuân Diên, Phạm Lan Hương..  |n T. 1 
260 |a H.  |b Văn hoá Dân tộc ; Tạp chí Văn hoá Nghệ thuật  |c 2003 
300 |a 928tr  |c 21cm 
490 |a Tủ sách Văn hoá học 
500 |a Dịch theo bản tiếng Nga 
520 |a Nghiên cứu hình thái học truyện cổ tích: Lịch sử, các chức năng của nhân vật hành động, sự phân bố, phương thức đưa nhân vật và quá trình hành động...Đồng thời còn nghiên cứu về gốc rễ lịch sử của truyện cổ tích thần kỳ qua các truyện cổ tích Nga. Đặc biệt tác giả mở đầu cho phương pháp nghiên cứu cấu trúc, loại hình trong truyện cổ tích thần kỳ nói riêng và trong Folklore nói chung 
653 |a Nga 
653 |a Truyện cổ tích 
653 |a nghiên cứu văn học 
700 |a Chu Xuân Diên  |e dịch 
700 |a Phạm Lan Hương  |e dịch 
700 |a Nguyễn Kim Lan  |e dịch 
700 |a Trần Minh Tâm  |e dịch 
773 |t Tuyển tập V.IA. Propp  |w 3148 
OWN |a LSP 
AVA |a UDN50  |b LSP  |d 390.0947 PR-V  |e available  |t Error 5001 Not defined in file expand_doc_bib_avail.  |f 5  |g 0  |h N  |i 1  |k 1 
999 |a From the UDN01 
AVA |a UDN50  |b LSP  |d 390.0947 PR-V  |e available  |t Error 5001 Not defined in file expand_doc_bib_avail.  |f 5  |g 0  |h N  |i 1  |k 1 
TYP |a Monograph 
TYP |a Printed language 
980 |a Mạng thư viện Đại học Đà Nẵng